Joueur ayant joué à l'OM et au PSG - Mort Subite - Statistiques

Statistiques générales
  • Ce quiz a été pris 324 fois
  • Le résultat moyen est 7 sur 12
Answers on the Grid
Answers color-coded by a green-red scale on the quiz's grid according to % correct below.
Hatem Ben Arfa
Claude Makélé
Adrien Rabiot
Modeste M'bami
Lassana Diarra
Fabrice Fiorèse
Gabriel Heinze
Alain Roche
Geroge Weah
Frédéric Déhu
Lorik Cana
Peguy Luyindula
N'golo Kanté
Ludovic Giully
Thierry Henry
Rio Mavuba
Mamadou Niang
Papiss Cissé
Fabien Barthez
Grzegorz Krychowiak
Benoit Trémoulinas
Samir Nasri
Benoit Pedretti
Joey Barton
 
Statistiques - réponses
Réponse % Correct
Adrien Rabiot
89%
Hatem Ben Arfa
79%
Lassana Diarra
73%
Geroge Weah
67%
Gabriel Heinze
57%
Claude Makélé
47%
Frédéric Déhu
46%
Fabrice Fiorèse
45%
Lorik Cana
42%
Peguy Luyindula
39%
Alain Roche
34%
Modeste M'bami
34%
Aucun quiz correspondant
Distribution des résultats
% des personnes avec chaque résultat
Percentile par nombre de réponses
Votre historique - résultats
Vous n’avez pas pris ce quiz